| 000 | 00589nam a2200169 4500 | ||
|---|---|---|---|
| 003 | LK-CoMWRAF | ||
| 005 | 20231213171308.0 | ||
| 008 | 231213b |||||||| |||| 00| 0 eng d | ||
| 040 |
_aLK-CoMWRAF _dLK-CoMWRAF _eLK-CoMWRAF |
||
| 041 | _asin | ||
| 082 |
_a323 _bLLR |
||
| 245 | _aLLRC වාර් තාව සහ ප්රතිසන්ධානය | ||
| 246 | _aLLRC warthawa saha prathisandhanaya | ||
| 260 |
_aකොළඹ : _bශ්රී ලංකා ජාතික සාම මංඩලය, _c2013 |
||
| 650 | _aප්රතිසන්ධානය | ||
| 942 | _cBK | ||
| 999 |
_c4419 _d4419 |
||